Privacy and freedom of expression / (Record no. 5478)
[ view plain ]
| 000 -LEADER | |
|---|---|
| fixed length control field | 00805nam a22002417a 4500 |
| 008 - FIXED-LENGTH DATA ELEMENTS--GENERAL INFORMATION | |
| fixed length control field | 130817b xxu||||| |||| 00| 0 eng d |
| 020 ## - INTERNATIONAL STANDARD BOOK NUMBER | |
| International Standard Book Number | 9-7801-9957-9730 |
| 082 ## - DEWEY DECIMAL CLASSIFICATION NUMBER | |
| Edition number | 21 ed. |
| Classification number | 342.420853 |
| Item number | PRI |
| 100 ## - MAIN ENTRY--PERSONAL NAME | |
| Personal name | Edited by Clayon, Richard |
| 245 ## - TITLE STATEMENT | |
| Title | Privacy and freedom of expression / |
| Statement of responsibility, etc | Edited by Clayon, Richard and Hugh Tomlinson |
| 250 ## - EDITION STATEMENT | |
| Edition statement | 2 ed. |
| 260 ## - PUBLICATION, DISTRIBUTION, ETC. (IMPRINT) | |
| Place of publication, distribution, etc | UK : |
| Name of publisher, distributor, etc | Oxford university press |
| Date of publication, distribution, etc | 2010 |
| 300 ## - PHYSICAL DESCRIPTION | |
| Extent | xiv, 393 P. ; |
| Dimensions | 24 cm. |
| 500 ## - GENERAL NOTE | |
| General note | Includes Index |
| 650 ## - SUBJECT ADDED ENTRY--TOPICAL TERM | |
| Topical term or geographic name as entry element | Great Britain. Human Rights Act 1998 |
| 650 ## - SUBJECT ADDED ENTRY--TOPICAL TERM | |
| Topical term or geographic name as entry element | Human rights -- Great Britain |
| 650 ## - SUBJECT ADDED ENTRY--TOPICAL TERM | |
| Topical term or geographic name as entry element | Privacy, Right of -- England |
| 650 ## - SUBJECT ADDED ENTRY--TOPICAL TERM | |
| Topical term or geographic name as entry element | Privacy, Right of -- Wales |
| 650 ## - SUBJECT ADDED ENTRY--TOPICAL TERM | |
| Topical term or geographic name as entry element | Freedom of speech -- England |
| 650 ## - SUBJECT ADDED ENTRY--TOPICAL TERM | |
| Topical term or geographic name as entry element | Freedom of speech -- Wales |
| 700 ## - ADDED ENTRY--PERSONAL NAME | |
| Personal name | Tomlinson, Hugh |
| 942 ## - ADDED ENTRY ELEMENTS (KOHA) | |
| Source of classification or shelving scheme | Dewey Decimal Classification |
| Item type | Books |
| Withdrawn status | Lost status | Source of classification or shelving scheme | Damaged status | Not for loan | Home library | Current library | Shelving location | Date acquired | Total Checkouts | Full call number | Barcode | Date last seen | Copy number | Price effective from | Koha item type | Public note |
|---|---|---|---|---|---|---|---|---|---|---|---|---|---|---|---|---|
| Dewey Decimal Classification | Law Development Centre Main Library | Law Development Centre Main Library | Text Books and Laws | 08/17/2013 | 342.420853 PRI | 6105/2013 | 08/17/2013 | 1 | 08/17/2013 | Books | Reserve |
